[Event "10th Beirut Open-ch 2019"]
[Site "Beirut"]
[Date "2019.04.26"]
[Round "2.10"]
[White "Salman, Samer"]
[Black "El Jawich, Amro"]
[Result "0-1"]
[WhiteElo "1505"]
[BlackElo "2238"]
[PlyCount "68"]
[EventDate "2019.04.25"]
[EventType "swiss"]
[EventRounds "9"]
[EventCountry "LBN"]
[TimeControl "5400+30"]

1. e4 c5 2. Nc3 Nc6 3. f4 e6 4. Bc4 a6 5. a4 Nge7 6. e5 d5 7. exd6 Nf5 8. Nf3 Bxd6 9. d3 b6 10. Ne4 Be7 11. O-O Bb7 12. Bd2 Nd6 13. Nxd6+ Qxd6 14. c3 Na5 15. Ne5 Nxc4 16. Nxc4 Qxd3 17. Nxb6 Rd8 18. Rf2 c4 19. Qf1 Bc5 20. Nxc4 Bxf2+ 21. Kxf2 Qxf1+ 22. Rxf1 Bd5 23. Ne3 Bxg2 24. Kxg2 Rxd2+ 25. Rf2 Rxf2+ 26. Kxf2 Kd7 27. b4 Rc8 28. c4 Rb8 29. b5 Kd6 30. Ng4 f6 31. Ke2 Kc5 32. Kd3 Kb4 33. bxa6 Rd8+ 34. Kc2 Kxc4 0-1

[Event "10th Beirut Open-ch 2019"]
[Site "Beirut"]
[Date "2019.04.26"]
[Round "2.11"]
[White "Najjar, Ahmad"]
[Black "Berbari, Imad"]
[Result "1-0"]
[WhiteElo "2233"]
[BlackElo "1666"]
[PlyCount "93"]
[EventDate "2019.04.25"]
[EventType "swiss"]
[EventRounds "9"]
[EventCountry "LBN"]
[TimeControl "5400+30"]

1. d4 Nf6 2. Nf3 g6 3. Bf4 Bg7 4. e3 O-O 5. Be2 d6 6. O-O Nh5 7. Bg5 Nd7 8. c4 Re8 9. Nc3 Nf8 10. Rc1 Ne6 11. Bh4 h6 12. Nd2 Nf6 13. f4 Nf8 14. e4 e5 15. fxe5 dxe5 16. dxe5 Qd4+ 17. Kh1 Qxe5 18. Nf3 Qa5 19. Bd3 c6 20. Qd2 N8h7 21. Rce1 Bg4 22. h3 Bxf3 23. Rxf3 Rad8 24. Qf2 g5 25. Bg3 Nh5 26. e5 Nxg3+ 27. Qxg3 Rxe5 28. Bxh7+ Kxh7 29. Rxf7 Rxe1+ 30. Qxe1 Qb6 31. Qe7 Rg8 32. Ne4 Qxb2 33. Nf6+ Kh8 34. Rxg7 Qc1+ 35. Kh2 Qf4+ 36. Kg1 Qc1+ 37. Kf2 Qd2+ 38. Kf3 Qf4+ 39. Ke2 Qxc4+ 40. Ke3 Qc3+ 41. Ke4 Qc4+ 42. Ke5 Qf4+ 43. Ke6 Qc4+ 44. Kf5 Qd3+ 45. Kg4 Qd1+ 46. Kg3 Qd3+ 47. Kh2 1-0

[Event "10th Beirut Open-ch 2019"]
[Site "Beirut"]
[Date "2019.04.26"]
[Round "2.12"]
[White "Moughames, Ronald"]
[Black "Eid, Fadi"]
[Result "0-1"]
[WhiteElo "1721"]
[BlackElo "2331"]
[PlyCount "76"]
[EventDate "2019.04.25"]
[EventType "swiss"]
[EventRounds "9"]
[EventCountry "LBN"]
[TimeControl "5400+30"]

1. e4 Nc6 2. Nf3 d6 3. Bb5 a6 4. Ba4 b5 5. Bb3 Na5 6. d4 Nxb3 7. axb3 Nf6 8. Qd3 Bb7 9. d5 e5 10. O-O Be7 11. c4 O-O 12. Be3 c5 13. b4 cxb4 14. cxb5 axb5 15. Nbd2 Qd7 16. Nb3 Ra4 17. Rfc1 Bd8 18. h3 Nxe4 19. Qxe4 f5 20. Qd3 e4 21. Qd1 exf3 22. Qxf3 f4 23. Ba7 Ba8 24. Bd4 Qf5 25. g4 Qf7 26. Nd2 Bxd5 27. Qd3 Bc4 28. Qe4 Bd5 29. Qd3 Qb7 30. f3 Re8 31. Rxa4 bxa4 32. Nc4 Qb5 33. Ne5 Qxd3 34. Nxd3 Bxf3 35. Rc8 Kf7 36. Kf2 Bh4+ 37. Kxf3 Rxc8 38. Nxf4 Bf6 0-1

[Event "10th Beirut Open-ch 2019"]
[Site "Beirut"]
[Date "2019.04.26"]
[Round "2.13"]
[White "Habash, Mohamad"]
[Black "Sursock, Sameer"]
[Result "0-1"]
[WhiteElo "1806"]
[BlackElo "2048"]
[PlyCount "74"]
[EventDate "2019.04.25"]
[EventType "swiss"]
[EventRounds "9"]
[EventCountry "LBN"]
[TimeControl "5400+30"]

1. d4 Nf6 2. Nf3 g6 3. Bf4 Bg7 4. c3 O-O 5. h3 b6 6. e3 Bb7 7. Be2 d6 8. O-O Nbd7 9. Bh2 c5 10. a4 a6 11. Nbd2 Qc7 12. Qb3 Rab8 13. Rfd1 Rfe8 14. Ng5 Bd5 15. c4 Ba8 16. d5 h6 17. Nge4 b5 18. Nxf6+ Nxf6 19. axb5 axb5 20. cxb5 Bxd5 21. Bc4 Bxc4 22. Nxc4 Nd7 23. Nxd6 exd6 24. Bxd6 Qb7 25. Bxb8 Rxb8 26. Rd6 Ne5 27. b6 c4 28. Qb5 Qe4 29. Rc1 Qf5 30. Rd5 Qe6 31. b7 Qe7 32. Qa5 Rxb7 33. Rb5 Rd7 34. Kh1 Nd3 35. Rc2 Qe4 36. Qd2 Nf4 37. exf4 Rxd2 0-1

[Event "10th Beirut Open-ch 2019"]
[Site "Beirut"]
[Date "2019.04.26"]
[Round "2.14"]
[White "Hariri, Nizar"]
[Black "Kabalan, Farah"]
[Result "1/2-1/2"]
[WhiteElo "1958"]
[BlackElo "1602"]
[PlyCount "61"]
[EventDate "2019.04.25"]
[EventType "swiss"]
[EventRounds "9"]
[EventCountry "LBN"]
[TimeControl "5400+30"]

1. d4 d5 2. Nf3 Nf6 3. Bf4 e6 4. Nbd2 Bd6 5. Bg3 O-O 6. e3 Nbd7 7. Bd3 Nb6 8. O-O a6 9. Qe2 Bd7 10. e4 Bxg3 11. hxg3 dxe4 12. Nxe4 Nxe4 13. Qxe4 g6 14. c4 Bc6 15. Qe3 Bxf3 16. gxf3 Qf6 17. Rad1 Rad8 18. Be2 Rd7 19. Rd2 Rfd8 20. Rfd1 Nc8 21. b3 c6 22. Kg2 Ne7 23. g4 Nc8 24. Qe4 Nd6 25. Qe5 Ne8 26. Qe4 Nd6 27. Qe5 Ne8 28. Qe3 Qe7 29. Qe5 Qf6 30. Qe4 Nd6 31. Qe5 1/2-1/2

[Event "10th Beirut Open-ch 2019"]
[Site "Beirut"]
[Date "2019.04.26"]
[Round "2.15"]
[White "Khechen, Nabil E"]
[Black "Salameh, Sleiman"]
[Result "1-0"]
[WhiteElo "1933"]
[BlackElo "1621"]
[PlyCount "81"]
[EventDate "2019.04.25"]
[EventType "swiss"]
[EventRounds "9"]
[EventCountry "LBN"]
[TimeControl "5400+30"]

1. e4 e6 2. c4 c5 3. Nf3 Nc6 4. Nc3 Be7 5. d4 cxd4 6. Nxd4 Bc5 7. Nb3 Bb4 8. Bd2 a6 9. a3 Be7 10. Be3 Bf6 11. Rc1 Qc7 12. Qd2 Nge7 13. f4 Ng6 14. e5 Be7 15. c5 O-O 16. Ne4 Nh4 17. Bf2 Nxe5 18. fxe5 Qxe5 19. Qd4 Qf4 20. Bg3 Qh6 21. Nd6 Bf6 22. Qf2 Nf5 23. Nxf5 exf5 24. Bf4 g5 25. Bd6 Re8+ 26. Kd1 b6 27. cxb6 Bxb2 28. Bc7 Bxc1 29. Nxc1 Bb7 30. Bd3 f4 31. Nb3 Re3 32. Bc2 Rae8 33. Nd4 Qf6 34. Qd2 Bxg2 35. Rg1 Bf3+ 36. Kc1 Qe7 37. Qb4 Re1+ 38. Rxe1 Qxe1+ 39. Qxe1 Rxe1+ 40. Kd2 Re8 41. Nxf3 1-0

[Event "10th Beirut Open-ch 2019"]
[Site "Beirut"]
[Date "2019.04.26"]
[Round "2.16"]
[White "Hasan Ali Prince"]
[Black "Eiti, Bashir"]
[Result "0-1"]
[WhiteElo "1854"]
[BlackElo "2352"]
[PlyCount "100"]
[EventDate "2019.04.25"]
[EventType "swiss"]
[EventRounds "9"]
[EventCountry "LBN"]
[TimeControl "5400+30"]

1. e4 d6 2. d4 Nf6 3. Nc3 Nbd7 4. Bc4 e5 5. Nf3 Be7 6. O-O O-O 7. h3 c6 8. a4 b6 9. dxe5 dxe5 10. Bg5 Nh5 11. Be3 Nf4 12. Kh2 Qc7 13. g3 Ne6 14. Qe2 a5 15. Rfd1 Ndc5 16. h4 h6 17. Rg1 Bd7 18. Rad1 Rad8 19. Kh1 Bc8 20. Rxd8 Rxd8 21. Rd1 Bf6 22. Bxc5 Nxc5 23. Rxd8+ Qxd8 24. Qd2 Qe7 25. Ne1 Ne6 26. Nf3 Nd4 27. Qd3 Qb4 28. Nxd4 exd4 29. Nd1 Bg4 30. f3 Bxf3+ 31. Qxf3 Qxc4 32. Qf5 Qxc2 33. Qc8+ Kh7 34. Qf5+ g6 35. Qxf6 Qxd1+ 36. Kh2 Qc2+ 37. Kg1 Qb1+ 38. Kh2 Qxb2+ 39. Kg1 Qc1+ 40. Kg2 Qc2+ 41. Kg1 Qc4 42. h5 gxh5 43. Qf5+ Kg8 44. Qxh5 Qe6 45. Qe2 c5 46. Qa6 c4 47. Qa8+ Kg7 48. Qd8 Qf6 49. Qd5 d3 50. Qxc4 d2 0-1

[Event "10th Beirut Open-ch 2019"]
[Site "Beirut"]
[Date "2019.04.26"]
[Round "2.17"]
[White "EL Mahmoud, AbdulAziz"]
[Black "Al Onizan, Fahad M"]
[Result "1-0"]
[WhiteElo "2108"]
[BlackElo "1822"]
[PlyCount "111"]
[EventDate "2019.04.25"]
[EventType "swiss"]
[EventRounds "9"]
[EventCountry "LBN"]
[TimeControl "5400+30"]

1. d4 Nf6 2. g3 e6 3. Bg2 d5 4. Nf3 Bd6 5. O-O O-O 6. b3 Nbd7 7. c4 c6 8. Nc3 h6 9. Qc2 b6 10. Rd1 Bb7 11. Bb2 Qe7 12. e4 Nxe4 13. Nxe4 dxe4 14. Qxe4 Nf6 15. Qe2 Rfd8 16. Ne5 Rac8 17. Rac1 Ba3 18. Rc2 Bxb2 19. Rxb2 c5 20. Rbd2 Bxg2 21. Kxg2 Rxd4 22. Rxd4 cxd4 23. Rxd4 Qc5 24. Qe3 Qc7 25. Ng4 Qc6+ 26. Qf3 Qxf3+ 27. Kxf3 Nxg4 28. Kxg4 Rc5 29. Rd7 Ra5 30. a4 g6 31. Kf4 Kg7 32. Ke4 Kf6 33. Kd4 e5+ 34. Kc3 Ke6 35. Rc7 f5 36. Rc6+ Kf7 37. Kb4 h5 38. c5 Rxc5 39. Rxc5 bxc5+ 40. Kxc5 g5 41. b4 g4 42. Kd5 Kf6 43. b5 f4 44. Ke4 fxg3 45. fxg3 Ke6 46. a5 Kd6 47. b6 axb6 48. axb6 Kc6 49. Kxe5 Kxb6 50. Kf5 Kc5 51. Kg5 Kd4 52. Kxh5 Ke5 53. Kxg4 Kf6 54. Kh5 Kg7 55. Kg5 Kh7 56. Kf6 1-0

[Event "10th Beirut Open-ch 2019"]
[Site "Beirut"]
[Date "2019.04.26"]
[Round "2.18"]
[White "Sharbel, Marwan"]
[Black "Slim, Nadim"]
[Result "0-1"]
[WhiteElo "1973"]
[BlackElo "1781"]
[PlyCount "140"]
[EventDate "2019.04.25"]
[EventType "swiss"]
[EventRounds "9"]
[EventCountry "LBN"]
[TimeControl "5400+30"]

1. d4 Nf6 2. Nf3 e6 3. Bg5 Be7 4. Nbd2 d5 5. e3 h6 6. Bxf6 Bxf6 7. Bd3 c5 8. c3 cxd4 9. cxd4 Nc6 10. O-O Bd7 11. Rc1 O-O 12. Nb3 b6 13. Bb1 Rc8 14. h3 g6 15. Ne1 Bg7 16. Nd3 Qe7 17. Nf4 a5 18. Nd2 Qb4 19. Nd3 Qd6 20. Nf3 Ne7 21. Qb3 Rxc1 22. Rxc1 Rc8 23. Rxc8+ Bxc8 24. Nde5 Ba6 25. Qa4 Qd8 26. Bd3 Bxe5 27. Nxe5 Bxd3 28. Nxd3 f6 29. Qd1 Kf7 30. Qf3 Nc6 31. Nf4 Qd6 32. Qg4 Ne7 33. Nd3 Nc6 34. Nf4 Ne7 35. h4 e5 36. Nd3 Qe6 37. Qd1 exd4 38. exd4 Qe4 39. Ne1 Qxh4 40. Nf3 Qe4 41. Qb3 Qe6 42. Qc3 g5 43. Nh2 h5 44. Nf1 h4 45. Qf3 Kg6 46. Qd3+ f5 47. Qb5 g4 48. Ne3 f4 49. Qe8+ Kg5 50. Nf1 g3 51. fxg3 hxg3 52. Qh8 Ng6 53. Qd8+ Kg4 54. Qc7 Kh5 55. Qh7+ Kg5 56. Qc7 Qe1 57. Qc2 Nh4 58. Qd2 Qxd2 59. Nxd2 Nf5 60. Nf3+ Kf6 61. Kf1 Ne3+ 62. Ke2 Nxg2 63. Ne5 Nh4 64. Nd7+ Kf5 65. Nxb6 Ke4 66. Na4 f3+ 67. Kf1 Kxd4 68. Nc3 Nf5 69. Ke1 Ne3 70. Nd1 Nxd1 0-1

[Event "10th Beirut Open-ch 2019"]
[Site "Beirut"]
[Date "2019.04.26"]
[Round "2.20"]
[White "Nassar, Marc"]
[Black "Al Azmi, Khalaf"]
[Result "1-0"]
[WhiteElo "1909"]
[BlackElo "1740"]
[PlyCount "95"]
[EventDate "2019.04.25"]
[EventType "swiss"]
[EventRounds "9"]
[EventCountry "LBN"]
[TimeControl "5400+30"]

1. e4 e5 2. f4 d5 3. exd5 e4 4. d3 Nf6 5. dxe4 Nxe4 6. Nf3 Bc5 7. Qe2 Bf2+ 8. Kd1 Qxd5+ 9. Nfd2 f5 10. Nc3 Qd4 11. Nb5 Qd7 12. Nc3 Qd4 13. Ncxe4 fxe4 14. c3 Qe3 15. Qh5+ Kf8 16. Nf3 Qb6 17. Ng5 Qg6 18. Qxg6 hxg6 19. Nxe4 Bb6 20. Bd3 Bf5 21. b3 Nc6 22. Ba3+ Kg8 23. Bc4+ Kh7 24. Ng5+ Kh6 25. Nf7+ Kh7 26. Nxh8 Rd8+ 27. Ke1 Kxh8 28. Rd1 Re8+ 29. Kf1 Bc2 30. Re1 Rd8 31. Bc1 Rf8 32. Be3 Na5 33. Bd5 Bd3+ 34. Kg1 c5 35. b4 Nc4 36. Bxc5 Bxc5+ 37. bxc5 Na5 38. Re3 Bf5 39. Kf2 g5 40. g3 Rc8 41. Re5 Rf8 42. Rhe1 gxf4 43. Re8 fxg3+ 44. Kxg3 Rxe8 45. Rxe8+ Kh7 46. Re7 Bc8 47. Kf4 Kh6 48. Ke5 1-0

[Event "10th Beirut Open-ch 2019"]
[Site "Beirut"]
[Date "2019.04.26"]
[Round "2.21"]
[White "Arkadan, Adib"]
[Black "Muhssen, Fared Saleh"]
[Result "1-0"]
[WhiteElo "1686"]
[BlackElo "1898"]
[PlyCount "95"]
[EventDate "2019.04.25"]
[EventType "swiss"]
[EventRounds "9"]
[EventCountry "LBN"]
[TimeControl "5400+30"]

1. d4 d5 2. c4 e6 3. Nc3 Nf6 4. cxd5 exd5 5. Bg5 Be7 6. e3 O-O 7. Bd3 h6 8. Bh4 c5 9. Nf3 Be6 10. O-O c4 11. Bc2 Nbd7 12. h3 a6 13. a4 Re8 14. Re1 Qc7 15. Bg3 Bd6 16. Bxd6 Qxd6 17. e4 Nxe4 18. Nxe4 dxe4 19. Bxe4 Nf6 20. Bc2 Rad8 21. Qd2 b6 22. Rad1 b5 23. axb5 axb5 24. Ne5 Bd5 25. Re3 Nd7 26. Nxd7 Qxd7 27. Qb4 Qc6 28. Qc5 Bxg2 29. Qf5 g6 30. Qf4 Rxe3 31. fxe3 Bxh3 32. Rd2 Kg7 33. Rf2 Rf8 34. Qe5+ f6 35. Qg3 f5 36. Qxh3 Qe6 37. Qg3 Kh7 38. Qf4 Re8 39. Rf3 b4 40. Rh3 Kg8 41. Qxh6 Kf7 42. Qf4 Rg8 43. Rh7+ Rg7 44. Qc7+ Ke8 45. Rxg7 Qxe3+ 46. Kg2 Qe2+ 47. Kg3 Qe1+ 48. Kf4 1-0

[Event "10th Beirut Open-ch 2019"]
[Site "Beirut"]
[Date "2019.04.26"]
[Round "2.22"]
[White "Hassweh, Mwaffaq"]
[Black "Haidar, Wassim"]
[Result "1-0"]
[WhiteElo "1866"]
[BlackElo "1707"]
[PlyCount "73"]
[EventDate "2019.04.25"]
[EventType "swiss"]
[EventRounds "9"]
[EventCountry "LBN"]
[TimeControl "5400+30"]

1. e4 c5 2. Nf3 a6 3. Nc3 d6 4. Bc4 e6 5. a4 Qc7 6. O-O Nf6 7. Re1 Nc6 8. d4 cxd4 9. Nxd4 Be7 10. Nxc6 Qxc6 11. Bb3 O-O 12. Bg5 Re8 13. Qd2 b6 14. Rad1 Rd8 15. Bxf6 Bxf6 16. Nd5 Kf8 17. Nxf6 gxf6 18. Qh6+ Ke7 19. Bd5 Qxc2 20. Bxa8 Bd7 21. Bd5 Qxa4 22. Qe3 Qb5 23. Qb3 exd5 24. exd5+ Kf8 25. Qe3 Re8 26. Qh6+ Kg8 27. Qxf6 Qb4 28. Re7 Rxe7 29. Qxe7 Bf5 30. Qg5+ Bg6 31. h4 h5 32. Qf6 Kh7 33. Rc1 Qg4 34. Rc7 Qd1+ 35. Kh2 Qxd5 36. f4 Qf5 37. Rxf7+ 1-0

[Event "10th Beirut Open-ch 2019"]
[Site "Beirut"]
[Date "2019.04.26"]
[Round "2.23"]
[White "Ghnatios, Ralph"]
[Black "Jabr, Bernard"]
[Result "1-0"]
[WhiteElo "1838"]
[BlackElo "1679"]
[PlyCount "61"]
[EventDate "2019.04.25"]
[EventType "swiss"]
[EventRounds "9"]
[EventCountry "LBN"]
[TimeControl "5400+30"]

1. e4 d5 2. exd5 Nf6 3. d4 Bg4 4. Be2 Bxe2 5. Nxe2 Qxd5 6. O-O Nc6 7. Na3 O-O-O 8. c4 Qh5 9. Be3 e6 10. Nf4 Qxd1 11. Rfxd1 g5 12. Nd3 h6 13. Nc2 Bg7 14. b4 Ng4 15. Nc5 b6 16. Nb3 Rd7 17. a4 Rhd8 18. a5 Kb7 19. b5 Nb8 20. c5 c6 21. cxb6 Nxe3 22. Nc5+ Kc8 23. fxe3 Re7 24. bxa7 Rxa7 25. b6 Re7 26. a6 Nd7 27. b7+ Kc7 28. a7 Nxc5 29. a8=Q Nxb7 30. Qa6 e5 31. Rab1 1-0

[Event "10th Beirut Open-ch 2019"]
[Site "Beirut"]
[Date "2019.04.26"]
[Round "2.24"]
[White "Tarraf, Tarraf"]
[Black "Djikerian, Rafi"]
[Result "0-1"]
[WhiteElo "1647"]
[BlackElo "1833"]
[PlyCount "128"]
[EventDate "2019.04.25"]
[EventType "swiss"]
[EventRounds "9"]
[EventCountry "LBN"]
[TimeControl "5400+30"]

1. c4 e5 2. Nc3 Bb4 3. g3 Nf6 4. Bg2 O-O 5. e3 c6 6. Nge2 d5 7. cxd5 cxd5 8. Qb3 Bxc3 9. bxc3 Nc6 10. d4 Re8 11. O-O b6 12. dxe5 Rxe5 13. Nd4 Na5 14. Qa4 Bd7 15. Qd1 Rc8 16. a4 Rxc3 17. Nb5 Bxb5 18. axb5 Rc5 19. Bb2 Re6 20. Qd3 Qe8 21. Bd4 Qxb5 22. Qxb5 Rxb5 23. Bh3 Re7 24. Rac1 Nc4 25. Bg2 Ne4 26. Rfd1 f6 27. Ba1 Ncd2 28. f3 Nb3 29. Rc8+ Kf7 30. fxe4 Nxa1 31. Rxa1 dxe4 32. Rc4 f5 33. Rca4 a5 34. Rc4 Rb3 35. Rc6 Rd7 36. Bf1 Rb2 37. Bc4+ Ke7 38. Re6+ Kd8 39. h4 Rdd2 40. Bf1 g6 41. Re5 Rd6 42. Rb5 Rc2 43. Rab1 Kc7 44. R5b2 Rc3 45. Rb3 Rc2 46. Ra1 Kc6 47. Rbb1 Kd7 48. Rc1 Rcd2 49. Bb5+ Ke6 50. Rc6 Rb2 51. Bc4+ Ke5 52. Rxd6 Kxd6 53. Bg8 h6 54. Bh7 Re2 55. Ra3 a4 56. Bxg6 b5 57. Kf1 Rb2 58. Bxf5 Ke5 59. Bd7 Rb3 60. Ra2 a3 61. Ke1 b4 62. Rc2 Rxe3+ 63. Kf2 Rf3+ 64. Kg2 b3 0-1

[Event "10th Beirut Open-ch 2019"]
[Site "Beirut"]
[Date "2019.04.26"]
[Round "2.25"]
[White "Attieh, Wael"]
[Black "Eid, Wissam"]
[Result "1-0"]
[WhiteElo "1823"]
[BlackElo "1568"]
[PlyCount "93"]
[EventDate "2019.04.25"]
[EventType "swiss"]
[EventRounds "9"]
[EventCountry "LBN"]
[TimeControl "5400+30"]

1. e4 c5 2. Nc3 d6 3. g3 Nf6 4. d3 h6 5. Bg2 Nc6 6. f4 Bg4 7. Bf3 Bxf3 8. Nxf3 e6 9. O-O Be7 10. h3 d5 11. e5 Nd7 12. Kh2 g5 13. Ne2 Qc7 14. d4 f5 15. exf6 Nxf6 16. fxg5 hxg5 17. Nxg5 Qd7 18. dxc5 e5 19. Ng1 Nd4 20. c3 Nf5 21. Qe2 Nh6 22. Kg2 e4 23. Bf4 O-O-O 24. Rad1 Rdg8 25. c4 Nhg4 26. hxg4 Nxg4 27. N5h3 Nf6 28. cxd5 Bxc5 29. Qc4 b6 30. b4 Qg4 31. bxc5 b5 32. Qxb5 Nh5 33. Qb8+ Kd7 34. c6+ Ke7 35. Qd6+ Ke8 36. Qe6+ Qxe6 37. dxe6 Ke7 38. Rd7+ Kxe6 39. Rxa7 Kd5 40. c7 Rc8 41. Rb7 Rhg8 42. Rb8 Nf6 43. Rxc8 Rxc8 44. Rd1+ Kc6 45. Rd8 Kb7 46. Rxc8 Kxc8 47. Ng5 1-0

[Event "10th Beirut Open-ch 2019"]
[Site "Beirut"]
[Date "2019.04.27"]
[Round "3.1"]
[White "Bernadskiy, Vitaliy"]
[Black "Cherniaev, Alexander"]
[Result "0-1"]
[WhiteElo "2587"]
[BlackElo "2401"]
[Annotator "TA"]
[PlyCount "55"]
[EventDate "2019.04.25"]
[EventType "swiss"]
[EventRounds "9"]
[EventCountry "LBN"]
[SourceTitle "playchess.com"]
[Source "ChessBase"]
[SourceQuality "1"]

{[%evp 16,55,-1,-17,0,-11,0,0,0,0,0,-7,0,-29,-10,0,-2,-22,-6,-64,-11,-18,16,-28,-21,-19,-14,-27,-29,-39,92,89,96,92,97,89,92,91,428,420,1241,1233]} 1. e4 c5 2. Nf3 e6 3. d4 cxd4 4. Nxd4 Nf6 5. Nc3 Nc6 6. Be2 Bb4 7. O-O Bxc3 8. bxc3 Nxe4 9. Qd3 d5 {B45: Sicilian Four Knights} 10. Ba3 Qa5 11. Nb5 a6 {The position is equal.} 12. Nd6+ Nxd6 13. Bxd6 Ne7 $1 {[#]} 14. Bb4 $146 ({Predecessor:} 14. c4 Nf5 15. Bf4 dxc4 16. Qxc4 Bd7 17. Bd3 {½-½ (79) Riff,J (2502)-Nataf,I (2541) Mulhouse 2011}) 14... Qd8 15. c4 O-O 16. cxd5 exd5 17. c4 ({Better is} 17. Bf3 $11) 17... Bf5 (17... Re8 $1 $15) 18. Qb3 $11 Be6 19. Rfd1 Re8 20. Bc3 Qc7 {[%cal Rd5c4]} 21. Qb2 f6 22. Bh5 Rf8 {[#]} ({Much worse is} 22... Qxc4 $6 23. Bxe8 Rxe8 24. Rac1 $16) (22... dxc4 $15 {keeps the upper hand.} 23. Bxe8 Rxe8) 23. Bb4 $1 $16 {Threatens to win with Re1.} Bf7 24. Bxf7+ Rxf7 25. cxd5 {And now d6 would win.} Qd7 26. Rac1 Nxd5 $2 {[%mdl 8192] [#]} (26... Qa4 $16 {is a better chance.}) 27. Qb3 $1 $18 ({Less strong is} 27. Rc5 Nxb4 28. Rxd7 Rxd7 $14) 27... Rd8 {[#]} (27... Kh8 $142 28. Rxd5 Qe8) 28. Rxd5 $1 {[%mdl 33280] Accuracy: White = 63%, Black = 41%. . Loss on time!?} 0-1

[Event "10th Beirut Open-ch 2019"]
[Site "Beirut"]
[Date "2019.04.27"]
[Round "3.2"]
[White "Raetsky, Alexander"]
[Black "Bajarani, Ulvi"]
[Result "1-0"]
[WhiteElo "2394"]
[BlackElo "2470"]
[Annotator "TA"]
[PlyCount "86"]
[EventDate "2019.04.25"]
[EventType "swiss"]
[EventRounds "9"]
[EventCountry "LBN"]
[SourceTitle "playchess.com"]
[Source "ChessBase"]
[SourceQuality "1"]

{[%evp 9,86,-4,-4,-80,-43,-57,-79,-69,-61,-125,-62,-77,-80,-142,-128,-150,-154,-141,-140,-160,-106,-158,-147,-131,-120,-176,-168,-153,-157,-163,-122,-114,-114,-112,-112,-122,-117,-118,-114,-135,-127,-165,-167,-153,-104,-103,-94,-124,-104,-144,-122,-197,-118,-121,-117,-139,-129,-238,-233,-324,-285,-366,-338,-1277,-1306,-1321,-1235,-1080,-923,-1372,-1118,-5622,-4779,-4050,-3629,-29975,-29975,-29978,-29977]} 1. d4 d5 2. c4 c6 3. Nf3 Nf6 4. Nc3 dxc4 5. e3 b5 6. a3 {D15: Slav Defence: 4 Nc3 a6 and gambit lines after 4 Nc3 dxc4} (6. a4 $11) (6. a4 b4 7. Na2 e6 8. Bxc4 Nbd7 9. O-O Bd6 10. b3 Bb7 11. Bb2 O-O 12. Nc1 c5 13. Nd3 a5 14. Rc1 Rc8 15. Qe2 cxd4 16. Nxd4 Nc5 17. Nxc5 Rxc5 18. Nb5 Bb8 19. Rfd1 Qe7 20. f3 Rfc8 21. Bd3 Rxc1 22. Rxc1 Rxc1+ {½-½ (22) Demuth,A (2538)-Libiszewski,F (2530) Palmerston North 2018}) 6... Nbd7 7. b3 $146 ({Predecessor:} 7. Be2 e6 8. O-O Be7 9. Na2 O-O 10. b3 cxb3 11. Qxb3 a6 12. Nb4 Bb7 13. Qd3 c5 14. dxc5 Nxc5 {0-1 (24) McCarty,A (685)-Saganauer,R (1155) LSS email 2011}) 7... cxb3 8. Qxb3 {Black is better.} e6 9. Bd3 {[#]} ({White should play} 9. e4 $1 $15) 9... Bd6 (9... Nc5 $1 $17 {[%mdl 512]} 10. Qc2 (10. dxc5 Qxd3) 10... Nxd3+ 11. Qxd3 a6) 10. O-O O-O 11. e4 (11. Bb2 $142) 11... e5 $36 {[%mdl 2048] Black is really pushing.} 12. d5 Nc5 13. Qc2 cxd5 14. Bg5 Nxd3 ({Better is} 14... d4 15. Nxb5 h6) 15. Qxd3 (15. Bxf6 $142 gxf6 16. Qxd3) 15... dxe4 16. Nxe4 {[#] Threatens to win with Bxf6.} Be7 17. Nxf6+ (17. Qe2 $17) 17... Bxf6 18. Qe4 {Bxf6 is the strong threat.} Rb8 ({And not} 18... Bxg5 19. Nxg5 Qxg5 20. Qxa8 $14) 19. Bxf6 Qxf6 20. Qxe5 Qxe5 21. Nxe5 Be6 22. Rfc1 Rb7 23. f3 g6 24. Kf2 Rd8 25. Rd1 Rxd1 26. Rxd1 $19 {[%mdl 4096] Endgame KRB-KRN} a5 {[%cal Ba7a5,Ba5b4,Bb4b3,Bb3a2][%mdl 32]} 27. Nc6 Rb6 28. Nd4 Bc4 29. Rb1 b4 30. Ke3 (30. axb4 $17 axb4 31. Ke3) 30... Kg7 (30... b3 $19 {Hoping for ...b2.} 31. Kd2 a4) 31. axb4 $17 axb4 32. Rb2 Kf6 33. Nc2 (33. g3 $17) 33... b3 $19 {aiming for ...Re6+.} 34. Nd4 Ra6 35. Kd2 Ra2 36. Rxa2 $2 (36. Kc3 Rxb2 37. Kxb2) 36... bxa2 {KB-KN} 37. Nc2 Bb3 38. Na1 Ba4 39. Kc3 Ke5 40. Kb2 Kd4 41. Kxa2 Ke3 42. Nb3 Bxb3+ 43. Kxb3 Kf2 {[%mdl 32768] Accuracy: White = 22%, Black = 78%. . Sensor Board Error (Ke4/e5)?} 1-0

[Event "10th Beirut Open-ch 2019"]
[Site "Beirut"]
[Date "2019.04.27"]
[Round "3.6"]
[White "Eid, Fadi"]
[Black "Najjar, Ahmad"]
[Result "1-0"]
[WhiteElo "2331"]
[BlackElo "2233"]
[Annotator "NA"]
[PlyCount "27"]
[EventDate "2019.04.25"]
[EventType "swiss"]
[EventRounds "9"]
[EventCountry "LBN"]
[SourceTitle "playchess.com"]
[Source "ChessBase"]
[SourceQuality "1"]
[TimeControl "5400+30"]

1. e4 {[%emt 0:00:00]} c5 {[%emt 0:00:00]} 2. Nc3 {[%emt 0:00:00]} g6 {[%emt 0:00:10]} 3. d4 {[%emt 0:00:00]} Bg7 {[%emt 0:01:50]} 4. dxc5 {[%emt 0:00:00]} Qa5 {[%emt 0:06:18]} 5. Bd2 {[%emt 0:00:05]} Qxc5 {[%emt 0:00:49]} 6. Nd5 {[%emt 0:00:06]} a6 {[%emt 0:06:14]} 7. Nf3 {[%emt 0:03:33]} Qc6 {[%emt 0:08:02]} 8. Bd3 {[%emt 0:04:37]} e6 {[%emt 0:04:21]} 9. Qe2 {[%emt 0:02:48]} Nf6 {[%emt 0:07:55]} 10. Bc3 {[%emt 0:00:25]} Nxd5 {[%emt 0:00:06]} 11. Bxg7 {[%emt 0:00:26]} Nf4 {[%emt 0:00:06]} 12. Qd2 {[%emt 0:00:25]} Rg8 {[%emt 0:04:05]} 13. Qxf4 {[%emt 0:00:15]} Rxg7 {[%emt 0:00:02]} 14. Qf6 {[%emt 0:00:10]} 1-0

[Event "10th Beirut Open-ch 2019"]
[Site "Beirut"]
[Date "2019.04.27"]
[Round "3.7"]
[White "Sursock, Sameer"]
[Black "Khechen, Nabil E"]
[Result "1/2-1/2"]
[WhiteElo "2048"]
[BlackElo "1933"]
[Annotator "NA RC"]
[PlyCount "23"]
[EventDate "2019.04.25"]
[EventType "swiss"]
[EventRounds "9"]
[EventCountry "LBN"]
[SourceTitle "playchess.com"]
[Source "ChessBase"]
[SourceQuality "1"]
[TimeControl "5400+30"]

1. c4 {[%emt 0:00:00]} f5 {[%emt 0:00:47]} 2. g3 {[%emt 0:00:00]} e5 {[%emt 0:00:22]} 3. Bg2 {[%emt 0:01:05]} Nf6 {[%emt 0:00:12]} 4. Nc3 {[%emt 0:01:41]} d6 {[%emt 0:03:45]} 5. d3 {[%emt 0:01:40]} Be7 {[%emt 0:00:43]} 6. e3 {[%emt 0:05:21]} O-O {[%emt 0:00:44]} 7. Nge2 {[%emt 0:00:28]} c6 {[%emt 0:03:49]} 8. d4 {[%emt 0:02:04]} e4 {[%emt 0:03:39]} 9. d5 {[%emt 0:01:13]} Nbd7 {[%emt 0:01:10]} 10. Nd4 {[%emt 0:01:56]} Ne5 {[%emt 0:00:21]} 11. Qb3 {[%emt 0:13:22]} c5 {[%emt 0:20:14]} 12. Nc2 1/2-1/2